Littler ou Hitler - Statistiques

Statistiques générales
  • Ce quiz a été pris 84 fois
    42 depuis la dernière actualisation
  • Le résultat moyen est 7 sur 12
Statistiques - réponses
Question Réponse % Correct
A déporté des milliers de juifs Hitler
100%
Est champion du monde de fléchettes Littler
97%
A dominé son monde Les deux
91%
A fait de la prison Hitler
85%
A vaincu plusieurs anglais Les deux
74%
A reçu la distinction "Person of the Year" par le New York Times Hitler
62%
Est encore en vie en 2026 Littler
59%
Est à l'origine d'une voiture Hitler
56%
A été éliminé par des allemands Littler
38%
A reçu l'Ordre de l'Empire Britannique Littler
38%
A instauré une dictature Les deux
32%
A remporté une élection Les deux
0%
Aucun quiz correspondant
Distribution des résultats
% des personnes avec chaque résultat
Percentile par nombre de réponses
Votre historique - résultats
Vous n’avez pas pris ce quiz depuis la dernière actualisation